Wird geladen...

To Butcher or Not to Butcher: Cattle Holdings and Milk and Meat Production in Kerala

Advocates of banninig of cow slaughter, in sup port of which demand Vinoba Bhave has started a fast from April 22, like to claim that their caise rests on the rational econom.ic argument that slaugh- ter of cotvs reduces milk produtction and harm the livestock economy and agricultural production. Th...

Ausführliche Beschreibung

Bibliographische Detailangaben
1. Verfasser: K. Narayanan Nair
Format: Printed Book
Veröffentlicht: Economic and Political Weekly, Vol. 14, No. 17 (Apr. 28, 1979), pp. 782-788 1979
Schlagworte:
Online Zugang:http://10.26.1.76/ks/003924.pdf
LEADER 014660000a22001450004500
100 |a K. Narayanan Nair 
245 |a To Butcher or Not to Butcher: Cattle Holdings and Milk and Meat Production in Kerala 
260 |c 1979 
260 |b Economic and Political Weekly, Vol. 14, No. 17 (Apr. 28, 1979), pp. 782-788 
520 |a Advocates of banninig of cow slaughter, in sup port of which demand Vinoba Bhave has started a fast from April 22, like to claim that their caise rests on the rational econom.ic argument that slaugh- ter of cotvs reduces milk produtction and harm the livestock economy and agricultural production. This paper seeks to examine this argument with reference ?o Kerala, one of the two states which ha-ve so far refused to impose a total bait on slaughter of cows. The author discusses 7he exitent o? bovine slaughter in Kerala, the factors rIesponsible for the increase in slauighlt,er in recent years and the effects of slaughlter on the size and composition of the .1ate's bovine population. Cattle slaughter in Kerala, the author concludes, has resulted in a rise in milk atid meat output and a ban on slaughlter of cattle, especially cows, will adversely affect on-going livestock development projects and the weaker sections of the popudation. 
650 |a COW SLAUGHTER LIVESTOCK DAIRY 
856 |u http://10.26.1.76/ks/003924.pdf 
942 |c KS 
999 |c 73312  |d 73312 
952 |0 0  |1 0  |4 0  |7 0  |9 65276  |a MGUL  |b MGUL  |d 2015-08-01  |l 0  |r 2015-08-01  |w 2015-08-01  |y KS